000 00506nam a2200193Ia 4500
005 20250326145454.0
008 250326s9999 xx 000 0 und d
037 _aTextbook
040 _aFMSL
_beng
_cFMSL
041 _aeng
_2eng
084 _qFMSL
100 _aTaylor L
_9741026
245 0 _aPractical enterprise risk management
_cTaylor L
260 _aUnited Kingdom
_bUnited Kingdom, Kogan
_c2014
365 _b3367.79
650 _aManagement
942 _cTB
999 _c1307695
_d1307695